000 00686nam a2200229Ia 4500
003 OSt
005 20221005133659.0
006 a|||||r|||| 00| 0
007 ta
008 221004b |||||||| |||| 00| 0 pan d
024 _a27796
037 _cTextual
040 _aCRL
_cCRL
_bpan
041 _2pan
_apan
082 _aV236:2501wM7, 153K7
100 _aਝੱਬਰ, ਕਰਤਾਰ ਸਿੰਘ
245 0 _aਅਕਾਲੀ ਮੋਰਚੇ ਤੇ ਝੱਬਰ
260 _c1967
650 _aਭਾਰਤੀਯ ਇਤਿਹਾਸ
942 _hV236:2501wM7, 153K7
_cTEXL
_2cc
999 _c1067526
_d1067526